Endurance : shackleton's incredible voyage

Salvato in:
Dettagli Bibliografici
Autore principale: Lansing, Alfred
Natura: Libro
Lingua:inglese
Pubblicazione: Wheaton. Tyndale House. c1999.
Soggetti:
Tags: Aggiungi Tag
Nessun Tag, puoi essere il primo ad aggiungerne!!

MARC

LEADER 00000nam a22000005a 4500
001 16409
003 CL-ChBUA
005 20120815103610.0
008 070301s1999 xxu 000 0 eng
040 |a CL-ChBUA  |c CL-ChBUA 
082 0 0 |a 244 
090 |c 16409  |d 16409 
100 1 |a Lansing, Alfred. 
245 1 0 |a Endurance :  |b shackleton's incredible voyage 
260 |b Tyndale House.  |a Wheaton.  |c c1999. 
300 |a 247 p.  |c 22 cm. 
504 |a Indice. 
650 4 |a RELATOS RELIGIOSOS. 
942 |c LIB 
952 |0 0  |1 0  |4 0  |7 0  |9 22740  |a UNACH  |b UNACH  |c 200  |d 2007-03-05  |i 35.004.  |l 1  |o 244 / L 294.  |p 23739  |r 2014-08-28 00:00:00  |s 2013-08-22  |u 22740  |w 2012-08-08  |y LIB  |k 244 / L 294. 
999 |c 16409  |d 16409